|
|
|
|
| LEADER |
00000nab a2200000 a 4500 |
| 001 |
vtls000683919 |
| 003 |
SK-MaSNL |
| 005 |
20260304102317.0 |
| 008 |
250426c1999 xo 0 slo |
| 015 |
|
|
|a SNBRB1999/02-04661
|
| 035 |
|
|
|a CLN000036086
|
| 035 |
|
|
|a urn:nbn:sk:snk-ab76ht
|
| 035 |
|
|
|a (uuid)ab1cc6ff-eb88-43fd-89fc-9267efa922cd
|
| 035 |
|
|
|a (urnnbn)urn:nbn:sk:snk:ar-a071ql
|
| 035 |
|
|
|a (sysno)vtls000683919
|
| 040 |
|
|
|a SNKBUCL
|b slo
|c SNKBUCL
|e AACR2
|
| 041 |
0 |
|
|a slo
|
| 044 |
|
|
|a xo
|c SK
|
| 080 |
|
|
|a 336.215.1.027.55
|2 1997
|
| 100 |
1 |
|
|a Jánoš, Daniel
|4 aut
|9 889083
|
| 245 |
1 |
0 |
|a Položky odpočítateľné od základu dane
|c Daniel Jánoš
|
| 650 |
0 |
7 |
|a daň z príjmov zo závislej činnosti a funkčných požitkov
|x základ dane
|x položky odpočítateľné
|2 snkbucl
|9 1399101
|
| 650 |
0 |
7 |
|a základ dane
|2 snkbucl
|9 846950
|
| 655 |
|
7 |
|a články z novín a časopisov
|2 snkbucl
|9 267496
|
| 773 |
0 |
|
|t Mzdy a financie
|g Roč. 6, č. 3-4 (1999), s. 8-21
|
| 850 |
|
|
|a Slovenská národná knižnica
|
| 852 |
|
|
|a Slovenská národná knižnica
|
| 954 |
|
|
|a odborná, vedecká literatúra pôvodná (slovenská)
|2 lita
|
| 958 |
|
|
|a article27
|
| 958 |
|
|
|a SK
|
| 958 |
|
|
|a OND
|
| 958 |
|
|
|a EUIPO
|
| 999 |
|
|
|c 2844621
|d 2846551
|